| 000 | 00533nam a2200169 a 4500 | ||
|---|---|---|---|
| 001 | 3903 | ||
| 005 | 20140414131931.0 | ||
| 008 | 040601s19uu xx 00 eng d | ||
| 050 |
_aREF 030.9 _bP58 199? |
||
| 245 | _aThe pictorial encyclopedia. | ||
| 260 |
_aEngland : _bPeter Haddock, _c[n.d.] |
||
| 300 | _a91 p. : ill. cm. | ||
| 500 | _aContents: Around the world--World leaders--Myths and legends--Dangerous Journeys--Wars and Warriors--Names to Remember]. | ||
| 650 | _aEncyclopedias. | ||
| 650 | _aFacts. | ||
| 999 |
_c112234 _d112234 |
||